000 01276nam a22002897a 4500
005 2010091802302.0
008 100915t xxu||||| |||| 00| 0 hin d
010 _aHIN-91932
020 _c150.00
_a9788190309479
035 _aHN-64278
037 _bDBAD / PUB
040 _aDPL
_bHN
082 _a
100 _920178
_aशर्मा, यादवेन्द्र 'चन्द्र '
245 _aसोने का हारः
_cयादवेन्द्र शर्मा, 'चन्द्र '
_bशिक्षाप्रद कहानियाँ /
246 _aSone ka haar
_bby Yadvendra Sharma ' Chandra'
260 _aदिल्ली
_bरितिका प्रकाशन
_c2010
270 _a77/1, ईस्ट आजाद नगर
_bदिल्ली
_e110051
300 _a80पृ.
_c22सेमी (सजिल्द)
_bसचित्र
650 _91159
_aलघु कथाएँ, हिन्दी
650 _aHindi Fiction
_926117
700 _920179
700 _920333
700 _920540
942 _2ddc
_cHN
_mशर्माया
_h
999 _c50684
_d50684